Practical organic chemistry: student handbook of techniques (Record no. 170719)

MARC details
000 -LEADER
fixed length control field 00648nam a2200217Ia 4500
003 - CONTROL NUMBER IDENTIFIER
control field OSt
005 - DATE AND TIME OF LATEST TRANSACTION
control field 20230503102702.0
008 - FIXED-LENGTH DATA ELEMENTS--GENERAL INFORMATION
fixed length control field 210423s2020 xx 000 0 und d
020 ## - INTERNATIONAL STANDARD BOOK NUMBER
International Standard Book Number 978-9-402-41962-7
040 ## - CATALOGING SOURCE
Transcribing agency AL
041 ## - LANGUAGE CODE
Language code of text/sound track or separate title eng
082 ## - DEWEY DECIMAL CLASSIFICATION NUMBER
Classification number 547.028
Edition number 23
Item number SHAP
100 ## - MAIN ENTRY--PERSONAL NAME
Personal name SHARP (J T); GOSNEY (I); ROWLEY (A G)
9 (RLIN) 96559
245 ## - TITLE STATEMENT
Title Practical organic chemistry: student handbook of techniques
260 ## - PUBLICATION, DISTRIBUTION, ETC.
Place of publication, distribution, etc. New York
Name of publisher, distributor, etc. Chapman & Hall
Date of publication, distribution, etc. 2020
300 ## - PHYSICAL DESCRIPTION
Extent vii,199
Other physical details PB
365 ## - TRADE PRICE
Price amount 995
Currency code INR
650 ## - SUBJECT ADDED ENTRY--TOPICAL TERM
Topical term or geographic name entry element Organic Chemistry
9 (RLIN) 96560
906 ## - LOCAL DATA ELEMENT F, LDF (RLIN)
a chemistry: ; handbook ; organic ; Practical ; student ; techniques
942 ## - ADDED ENTRY ELEMENTS (KOHA)
Source of classification or shelving scheme Dewey Decimal Classification
Koha item type Book
Holdings
Withdrawn status Lost status Damaged status Not for loan Collection code Home library Current library Date acquired Source of acquisition Cost, normal purchase price Total Checkouts Full call number Barcode Date last seen Price effective from Koha item type
        Analytical Chemistry St Aloysius PG Library St Aloysius PG Library 03/11/2020 Biblios Book Point 995.00   547.028 SHAP PG017221 08/24/2022 04/26/2021 Book